The Canterville ghost
| Main Author: | |
|---|---|
| Other Authors: | |
| Format: | Book |
| Published: |
Oxford :
Oxford University Press ,
1987
|
| Subjects: |
MARC
| LEADER | 00000cam a2200000 7i4500 | ||
|---|---|---|---|
| 001 | 0000000968 | ||
| 002 | 000001076 | ||
| 005 | 20020422.0 | ||
| 020 | |a 0192798189 | ||
| 090 | 0 | 0 | |a JF |b WIL |
| 100 | 1 | |a Wilde, Oscar | |
| 245 | 1 | 4 | |a The Canterville ghost |c Oscar Wilde ; illustrated by Jez Alborough |
| 260 | |a Oxford : |b Oxford University Press , |c 1987 | ||
| 300 | |a 64p. ; |c 22cm. | ||
| 650 | 0 | 0 | |a Children's stories |
| 700 | 0 | |a Alborough, Jez , |e Illustrated by | |
| 999 | |a 031144 |b BUKU |c PINJAMAN |e PERPUSTAKAAN KOMUNITI PETALING JAYA | ||